Statistics for Most Ethnically Diverse Countries

Click here to take the quiz!

General Stats

  • This quiz has been taken 1,403 times
  • The average score is 11 of 20

Answer Stats

#Country% Correct
0.8505Nigeria
90%
0.8747D.R. of Congo
82%
0.8747Republic of the Congo
82%
0.8588Kenya
74%
0.8620Chad
66%
0.7867Angola
65%
0.9302Uganda
65%
0.8295Central African Republic
64%
0.8635Cameroon
63%
0.7808Zambia
61%
0.8117Somalia
60%
0.7872Benin
50%
0.8791Madagascar
49%
0.9084Liberia
47%
0.8191Sierra Leone
44%
0.8204Ivory Coast
42%
0.8092Guinea Bissau
41%
0.7920Libya
31%
0.7962Djibouti
26%
0.7864The Gambia
3%

Score Distribution

Percentile by Number Answered

Percent of People with Each Score

Your Score History

You have not taken this quiz